| 000 | 00686nam a2200217 i 4500 | ||
|---|---|---|---|
| 001 | bg | ||
| 245 | 0 |
_aFinite element and boundary element techniques from mathematical and engineering point of view / _cedit. by E. Stein, W. Wendland. |
|
| 260 |
_aWien ; New York : _bSpringer-Verl., _c1988. |
||
| 300 |
_a333 s. : _brys., wykr. ; _c24 cm. |
||
| 490 | 1 |
_aCISM Courses and Lectures ; _vNo 301 |
|
| 700 | 1 | _aSTEIN, E. | |
| 700 | 1 | _aWENDLAND, W. | |
| 830 | _aCISM Courses and Lectures ; | ||
| 020 | _a3211821031 | ||
| 040 | _cBPK | ||
| 041 | _apol | ||
| 080 | _a517.5/.6:519.6:624:539.3/.6 | ||
| 920 | _a3-211-82103-1 | ||
| 942 | _cKS | ||
| 008 | s pl f |000 0 pol | ||
| 999 |
_c28914 _d28914 |
||
| 856 |
_uhttp://koha.tu.koszalin.pl/cgi-bin/koha/opac-detail.pl?biblionumber=28914 _yKatalog online BPK |
||